[Event "Lombardia Region-ch"]
[Site "Solaro"]
[Date "2010.05.30"]
[Round "4"]
[White "Bertuolo, Sergio"]
[Black "Biava, Pierluigi"]
[Result "0-1"]
[WhiteElo "1499"]
[BlackElo "1799"]
[PlyCount "68"]
[EventDate "2010.05.28"]
[EventType "swiss"]
[EventRounds "5"]
[EventCountry "ITA"]
[SourceTitle "EXT 2024"]
[Source "ChessBase"]
[SourceDate "2023.10.10"]
[SourceVersion "1"]
[SourceVersionDate "2023.10.10"]
[SourceQuality "1"]

1. e4 e5 2. Nf3 Nc6 3. Bb5 a6 4. Ba4 Nf6 5. 0-0 b5 6. Bb3 Nxe4 7. Bd5 f5 8. Nxe5 Nxe5 9. Bxa8 c6 10. d4 Ng4 11. Qe2 Qh4 12. Bf4 Kd8 13. h3 Ngf6 14. Nd2 Qxf4 15. Nf3 Bd6 16. Rad1 Re8 17. Qd3 Ng5 18. Ne5 Kc7 19. c4 Bxe5 20. dxe5 Qxe5 21. cxb5 axb5 22. Qa3 Bb7 23. Bxb7 Kxb7 24. Rfe1 Qxe1+ 25. Rxe1 Rxe1+ 26. Kh2 Re2 27. Qc5 Nge4 28. Qxf5 Rxf2 29. Qe5 Rd2 30. a3 g5 31. Kg1 Rd1+ 32. Kh2 g4 33. g3 Rd2+ 34. Kh1 gxh3 0-1

[Event "Modena Province-ch"]
[Site "Ceriano Laghetto"]
[Date "2010.02.??"]
[Round "3"]
[White "Raineri, Roberto"]
[Black "Bertuolo, Sergio"]
[Result "1-0"]
[WhiteElo "1677"]
[BlackElo "1559"]
[PlyCount "79"]
[EventDate "2010.02.02"]
[EventType "swiss"]
[EventRounds "6"]
[EventCountry "ITA"]
[SourceTitle "EXT 2024"]
[Source "ChessBase"]
[SourceDate "2023.10.10"]
[SourceVersion "1"]
[SourceVersionDate "2023.10.10"]
[SourceQuality "1"]

1. d4 Nf6 2. c4 g6 3. Nc3 Bg7 4. e4 d6 5. f3 0-0 6. Bg5 h6 7. Be3 Nbd7 8. Nh3 Re8 9. Qd2 Kh7 10. Bd3 c5 11. d5 Ne5 12. Nf2 Nxd3+ 13. Nxd3 Nd7 14. g4 a5 15. a4 Nb6 16. b3 e6 17. 0-0-0 Qf6 18. Kc2 Qe7 19. dxe6 Bxe6 20. Nf4 Bxc4 21. Qxd6 Bxb3+ 22. Kxb3 c4+ 23. Kc2 Bxc3 24. Qxe7 Rxe7 25. Bxb6 Be5 26. Nd5 Re6 27. Rb1 Rc6 28. Rb5 Bd6 29. h3 Bb4 30. Nxb4 axb4 31. Rxb4 Rac8 32. a5 Rf6 33. Rf1 Rd6 34. f4 Rcc6 35. Rf3 Re6 36. e5 f6 37. exf6 Re2+ 38. Kc3 Re4 39. Bd4 Rc7 40. Re3 1-0

[Event "Ceriano Laghetto op"]
[Site "Ceriano Laghetto"]
[Date "2009.03.03"]
[Round "5"]
[White "Bertuolo, Sergio"]
[Black "Santarelli, Sabatino"]
[Result "0-1"]
[WhiteElo "1517"]
[BlackElo "1692"]
[PlyCount "102"]
[EventDate "2009.02.03"]
[EventType "swiss"]
[EventRounds "6"]
[EventCountry "ITA"]
[SourceTitle "EXT 2011"]
[Source "ChessBase"]
[SourceDate "2010.11.26"]
[SourceVersion "1"]
[SourceVersionDate "2010.11.26"]
[SourceQuality "1"]

1. e4 b6 2. d4 Bb7 3. Nc3 e6 4. Bd3 Bb4 5. Bd2 Nf6 6. Qe2 0-0 7. a3 Be7 8. Nf3 d6 9. 0-0 Nbd7 10. Rfe1 e5 11. Qd1 c5 12. d5 a6 13. Ne2 Kh8 14. Ng3 Ng8 15. Nf5 Ndf6 16. c4 Bc8 17. N3h4 g6 18. Nxe7 Qxe7 19. Bg5 h6 20. Bxf6+ Qxf6 21. g3 h5 22. Qd2 Kh7 23. f4 exf4 24. Qxf4 Qd4+ 25. Qe3 Qxb2 26. Reb1 Qe5 27. Nf3 Qg7 28. Ng5+ Kh8 29. Ra2 Rb8 30. Rab2 f6 31. Ne6 Bxe6 32. dxe6 Qc7 33. e7 Rfe8 34. Qf4 Rxe7 35. a4 a5 36. Bf1 Kg7 37. Bg2 Nh6 38. Qd2 Nf7 39. Qd3 Ne5 40. Qb3 Qc6 41. Qc2 Reb7 42. Rb5 Qc7 43. Qe2 Qf7 44. Rc1 Qe6 45. Qf1 Rf7 46. Bh3 Qe7 47. Rcb1 Qc7 48. Be6 Re7 49. Bd5 Nc6 50. Bxc6 Qxc6 51. Re1 Rxe4 0-1

[Event "Ceriano Laghetto op"]
[Site "Ceriano Laghetto"]
[Date "2009.02.24"]
[Round "4"]
[White "Clerici, Samuele"]
[Black "Bertuolo, Sergio"]
[Result "1-0"]
[WhiteElo "1773"]
[BlackElo "1517"]
[PlyCount "81"]
[EventDate "2009.02.03"]
[EventType "swiss"]
[EventRounds "6"]
[EventCountry "ITA"]
[SourceTitle "EXT 2011"]
[Source "ChessBase"]
[SourceDate "2010.11.26"]
[SourceVersion "1"]
[SourceVersionDate "2010.11.26"]
[SourceQuality "1"]

1. e4 e6 2. d4 d5 3. Nc3 c5 4. dxc5 Bxc5 5. exd5 Qb6 6. Qf3 Nf6 7. Bb5+ Bd7 8. Bxd7+ Nbxd7 9. dxe6 Qxe6+ 10. Qe2 Qxe2+ 11. Ngxe2 0-0 12. 0-0 Rfe8 13. h3 a6 14. Bf4 Rac8 15. Rad1 Nb6 16. b3 Nfd5 17. Nxd5 Nxd5 18. Rxd5 Rxe2 19. Rd2 Rxd2 20. Bxd2 Re8 21. Re1 Rxe1+ 22. Bxe1 b5 23. b4 Bd6 24. f3 Kf8 25. Kf2 Ke7 26. Ke3 Ke6 27. Kd3 Kd5 28. c3 f6 29. Bf2 h6 30. Bd4 Be5 31. Bxe5 fxe5 32. h4 g6 33. g4 g5 34. h5 Kd6 35. c4 bxc4+ 36. Kxc4 Kc6 37. a4 Kd6 38. b5 a5 39. b6 Kc6 40. b7 Kxb7 41. Kb5 1-0

[Event "Ceriano Laghetto op-C 17th"]
[Site "Ceriano Laghetto"]
[Date "2008.03.29"]
[Round "2"]
[White "Bertuolo, Sergio"]
[Black "Mondini, Francesco"]
[Result "1-0"]
[WhiteElo "1523"]
[BlackElo "1448"]
[PlyCount "79"]
[EventDate "2008.03.28"]
[EventType "swiss"]
[EventRounds "5"]
[EventCountry "ITA"]
[SourceTitle "EXT 2011"]
[Source "ChessBase"]
[SourceDate "2010.11.26"]
[SourceVersion "1"]
[SourceVersionDate "2010.11.26"]
[SourceQuality "1"]

1. e4 e5 2. Nf3 Nc6 3. Bb5 a6 4. Ba4 b5 5. Bb3 Be7 6. c3 Nf6 7. 0-0 d6 8. h3 Nxe4 9. Bd5 Bb7 10. Bxe4 d5 11. Bc2 e4 12. Nd4 Nxd4 13. cxd4 c5 14. d3 cxd4 15. dxe4 dxe4 16. Qg4 Qd5 17. Bb3 Qe5 18. Bf4 Qf6 19. a4 h5 20. Qg3 g5 21. Be5 Qh6 22. Bxh8 Qxh8 23. axb5 Rd8 24. bxa6 Ba8 25. a7 Qg7 26. Nd2 Bd6 27. Ba4+ Kf8 28. f4 exf3 29. Qf2 fxg2 30. Qxf7+ Qxf7 31. Rxf7+ Kxf7 32. Bb3+ Kf6 33. Nc4 Bc5 34. Ra6+ Ke7 35. Ra5 Rd5 36. Nb6 d3+ 37. Kxg2 Bxb6 38. Bxd5 Bxa5 39. Bxa8 d2 40. Bf3 1-0

[Event "Ceriano Laghetto Inverno op"]
[Site "Ceriano Laghetto"]
[Date "2007.01.23"]
[Round "3"]
[White "Bertuolo, Sergio"]
[Black "Jiang, Yongwei"]
[Result "1/2-1/2"]
[WhiteElo "1514"]
[BlackElo "1575"]
[PlyCount "86"]
[EventDate "2007.01.09"]
[EventType "swiss"]
[EventRounds "6"]
[EventCountry "ITA"]
[SourceTitle "EXT 2008"]
[Source "ChessBase"]
[SourceDate "2007.11.25"]
[SourceVersion "1"]
[SourceVersionDate "2007.11.25"]
[SourceQuality "1"]

1. e4 e5 2. Nf3 Nf6 3. Nxe5 d6 4. Nf3 Nxe4 5. Qe2 Qe7 6. d3 Nf6 7. Qxe7+ Bxe7 8. Nc3 c6 9. Be2 Bf5 10. 0-0 0-0 11. Re1 Nbd7 12. Nd4 Bg6 13. a4 d5 14. Nd1 Bc5 15. c3 Bxd4 16. cxd4 Rfe8 17. Ne3 Re7 18. Bd2 Rae8 19. Bb4 Re6 20. Kf1 h6 21. a5 Bh7 22. Ra3 g5 23. Bg4 Nxg4 24. Nxg4 Rxe1+ 25. Bxe1 h5 26. Ne3 f5 27. g3 Kf7 28. Ng2 g4 29. Rb3 b6 30. Nf4 Bg6 31. Rc3 Nb8 32. b4 b5 33. Rc1 Kf6 34. Bd2 Bf7 35. Ng2 Rc8 36. Re1 Re8 37. Rc1 Rc8 38. Re1 a6 39. Bf4 Nd7 40. Be5+ Kg5 41. Bd6 Re8 42. Bf4+ Kf6 43. Rc1 Rc8 1/2-1/2

[Event "Ceriano Laghetto Autunno op"]
[Site "Ceriano Laghetto"]
[Date "2006.11.14"]
[Round "2"]
[White "Bertuolo, Sergio"]
[Black "Mingolla, Patrizio"]
[Result "1-0"]
[WhiteElo "1511"]
[BlackElo "1449"]
[PlyCount "73"]
[EventDate "2006.11.07"]
[EventType "swiss"]
[EventRounds "6"]
[EventCountry "ITA"]
[SourceTitle "EXT 2011"]
[Source "ChessBase"]
[SourceDate "2010.11.26"]
[SourceVersion "1"]
[SourceVersionDate "2010.11.26"]
[SourceQuality "1"]

1. e4 c5 2. Nf3 Nc6 3. d4 cxd4 4. Nxd4 e6 5. Be3 a6 6. a4 Nf6 7. Nd2 Be7 8. Be2 Qc7 9. f4 e5 10. Nf5 exf4 11. Bf2 g6 12. Nh6 d6 13. 0-0 Bf8 14. Bh4 Bxh6 15. Bxf6 Rg8 16. Kh1 Be6 17. Bc4 Rc8 18. Bxe6 fxe6 19. Nc4 Kd7 20. e5 d5 21. Nd6 Rcf8 22. Nc4 Na5 23. Nxa5 Qxa5 24. Qd4 Rc8 25. c3 Qc5 26. Qd1 g5 27. Qg4 Qf8 28. Ra3 Rc4 29. Rd1 Bg7 30. Rxd5+ Kc8 31. Qxe6+ Kb8 32. Rd8+ Qxd8 33. Bxd8 Re4 34. Qd6+ Ka8 35. Kg1 Bxe5 36. Qd5 Re3 37. Qxg8 1-0

[Event "Ceriano Laghetto Autunno op"]
[Site "Ceriano Laghetto"]
[Date "2006.11.07"]
[Round "1"]
[White "Colombo, Fabio"]
[Black "Bertuolo, Sergio"]
[Result "1-0"]
[WhiteElo "1793"]
[BlackElo "1511"]
[PlyCount "90"]
[EventDate "2006.11.07"]
[EventType "swiss"]
[EventRounds "6"]
[EventCountry "ITA"]
[SourceTitle "EXT 2011"]
[Source "ChessBase"]
[SourceDate "2010.11.26"]
[SourceVersion "1"]
[SourceVersionDate "2010.11.26"]
[SourceQuality "1"]

1. e4 e6 2. d4 d5 3. e5 c5 4. c3 Nc6 5. Nf3 Qb6 6. Na3 a6 7. Nc2 cxd4 8. Ncxd4 Nxd4 9. Nxd4 Qc7 10. Qa4+ Qd7 11. Bb5 axb5 12. Qxa8 Bc5 13. Nf3 Ne7 14. Bf4 Nc6 15. b4 Bb6 16. a4 0-0 17. axb5 Ne7 18. Qa4 Qc7 19. Rc1 Qc4 20. Bg3 Qe4+ 21. Kd2 Bd7 22. Rhe1 Qc4 23. Nd4 Bxd4 24. cxd4 Qxd4+ 25. Ke2 Nf5 26. Kf1 Qd3+ 27. Kg1 Bxb5 28. Qa5 Nd4 29. Rcd1 Qc3 30. Re3 Ne2+ 31. Kh1 Qc6 32. Qa7 b6 33. Ra3 Rc8 34. Qe7 Re8 35. Qg5 Qc2 36. Rda1 Bc6 37. Bh4 d4 38. Qg4 d3 39. Bf6 g6 40. h3 d2 41. Qxe2 Qc1+ 42. Kh2 Qc2 43. Rd3 Qb2 44. Rd1 Qxb4 45. Qxd2 Bd5 1-0